| 000 -LEADER |
| fixed length control field |
01569cam a2200373 a 4500 |
| 001 - CONTROL NUMBER |
| control field |
3088823 |
| 005 - DATE AND TIME OF LATEST TRANSACTION |
| control field |
20170119094355.0 |
| 008 - FIXED-LENGTH DATA ELEMENTS--GENERAL INFORMATION |
| fixed length control field |
980706s1998 nyua b 000 0 eng |
| 010 ## - LIBRARY OF CONGRESS CONTROL NUMBER |
| LC control number |
98029357 |
| 020 ## - INTERNATIONAL STANDARD BOOK NUMBER |
| International Standard Book Number |
0815327749 (acidfree paper) |
| 040 ## - CATALOGING SOURCE |
| Original cataloging agency |
DLC |
| Transcribing agency |
DLC |
| Modifying agency |
DLC |
| 041 0# - LANGUAGE CODE |
| Language code of text/sound track or separate title |
engita |
| 043 ## - GEOGRAPHIC AREA CODE |
| Geographic area code |
e-it--- |
| 050 00 - LIBRARY OF CONGRESS CALL NUMBER |
| Classification number |
ND623.G6 |
| Item number |
A4 1998 |
| 245 04 - TITLE STATEMENT |
| Title |
The Arena Chapel and the genius of Giotto : |
| Remainder of title |
Padua / |
| Statement of responsibility, etc. |
edited with introductions by Andrew Ladis. |
| 260 ## - PUBLICATION, DISTRIBUTION, ETC. (IMPRINT) |
| Place of publication, distribution, etc. |
New York : |
| Name of publisher, distributor, etc. |
Garland Pub., |
| Date of publication, distribution, etc. |
1998. |
| 300 ## - PHYSICAL DESCRIPTION |
| Extent |
ix, 416 p. : |
| Other physical details |
ill. ; |
| Dimensions |
24 cm. |
| 440 #0 - SERIES STATEMENT/ADDED ENTRY--TITLE |
| Title |
Giotto and the world of early Italian art ; |
| Volume/sequential designation |
2 |
| 504 ## - BIBLIOGRAPHY, ETC. NOTE |
| Bibliography, etc |
Includes bibliographical references. |
| 546 ## - LANGUAGE NOTE |
| Language note |
In English, with one contribution in Italian. |
| 600 00 - SUBJECT ADDED ENTRY--PERSONAL NAME |
| Personal name |
Giotto, |
| Dates associated with a name |
1266?-1337 |
| General subdivision |
Themes, motives. |
| 610 20 - SUBJECT ADDED ENTRY--CORPORATE NAME |
| Corporate name or jurisdiction name as entry element |
Cappella degli Scrovegni nell'Arena (Padua, Italy) |
| 630 00 - SUBJECT ADDED ENTRY--UNIFORM TITLE |
| Uniform title |
Bible. |
| Name of part/section of a work |
New Testament |
| General subdivision |
Illustrations. |
| 650 #0 - SUBJECT ADDED ENTRY--TOPICAL TERM |
| Topical term or geographic name as entry element |
Mural painting and decoration, Italian |
| Geographic subdivision |
Italy |
| -- |
Padua. |
| 650 #0 - SUBJECT ADDED ENTRY--TOPICAL TERM |
| Topical term or geographic name as entry element |
Mural painting and decoration, Gothic |
| Geographic subdivision |
Italy |
| -- |
Padua. |
| 700 1# - ADDED ENTRY--PERSONAL NAME |
| Personal name |
Ladis, Andrew, |
| Dates associated with a name |
1949- |
| 942 ## - ADDED ENTRY ELEMENTS (KOHA) |
| Source of classification or shelving scheme |
|
| Koha item type |
Hard Covered Materials |
| Classification part |
ND623.G6A4 1998 |